[Event "2nd Cambridge Int Open"]
[Site "Cambridge ENG"]
[Date "2024.02.20"]
[Round "3.51"]
[White "Berkley, Stephen W"]
[Black "Hutchinson, Norman A"]
[Result "1/2-1/2"]
[WhiteElo "1667"]
[BlackElo "1962"]
[WhiteFideId "486850"]
[BlackFideId "411540"]
[EventDate "2024.02.19"]

1. d4 Nf6 2. c4 e6 3. Nc3 Bb4 4. g3 d5 5. Nf3 O-O 6. Bg2 Nbd7 7. O-O c6 8. cxd5
exd5 9. Qb3 Bd6 10. Qd1 Re8 11. Nd2 Bb4 12. a3 Bxc3 13. bxc3 Qa5 14. c4 Qc3 15.
Qb3 Qxb3 16. Nxb3 dxc4 17. Na5 Nb6 18. Re1 Ne4 19. Bf4 g5 20. Bxe4 gxf4 21. Bf3
fxg3 22. hxg3 Re7 23. e3 Be6 24. Rac1 Rd8 25. Be2 Rd5 26. Nxc4 Nxc4 27. Bxc4 Ra5
28. Bxe6 Rxe6 29. Rc3 Rh6 30. Rb1 b6 31. Rb4 Rah5 32. Ra4 Rh1+ 33. Kg2 R1h2+ 34.
Kg1 Rh1+ 1/2-1/2

[Event "2nd Cambridge Int Open"]
[Site "Cambridge ENG"]
[Date "2024.02.20"]
[Round "3.52"]
[White "Smart, Michael R"]
[Black "Evans, Ruben"]
[Result "0-1"]
[WhiteElo "1943"]
[BlackElo "1647"]
[WhiteFideId "411370"]
[BlackFideId "472018"]
[EventDate "2024.02.19"]

1. e4 e6 2. d4 d5 3. Nd2 Nf6 4. e5 Nfd7 5. Bd3 c5 6. c3 Nc6 7. Ne2 cxd4 8. cxd4
f6 9. exf6 Nxf6 10. Nf3 Bd6 11. O-O Qc7 12. Bg5 O-O 13. Rc1 Ng4 14. Ng3 Qb6 15.
b3 g6 16. Bb1 Bd7 17. Nh4 Qxd4 18. Qe2 Nf6 19. Rcd1 Qg4 20. Qd2 Qb4 21. Qc2 Rac8
22. Nxg6 Ne5 23. Qe2 Nxg6 24. Bxg6 hxg6 25. Qd3 Kg7 26. Qe3 Ng4 27. Qe2 Rce8 28.
f3 Bb5 29. Qb2+ Be5 0-1

[Event "2nd Cambridge Int Open"]
[Site "Cambridge ENG"]
[Date "2024.02.20"]
[Round "3.53"]
[White "Sasikumar, Srivathsan"]
[Black "Woods, Yannick"]
[Result "0-1"]
[WhiteElo "1719"]
[BlackElo "1817"]
[WhiteFideId "343401279"]
[BlackFideId "2518384"]
[EventDate "2024.02.19"]

1. e4 c5 2. Nf3 d6 3. d4 cxd4 4. Nxd4 Nf6 5. Nc3 e6 6. Be2 Nc6 7. Be3 Be7 8. O-O
O-O 9. f4 e5 10. Nxc6 bxc6 11. fxe5 dxe5 12. Qe1 Be6 13. Qg3 Qa5 14. Bh6 Ne8 15.
Kh1 Kh8 16. Be3 Rb8 17. Rab1 Nd6 18. a3 Nc4 19. Bxc4 Bxc4 20. Rf5 Qxc3 21. bxc3
Rxb1+ 22. Bg1 Bc5 23. Rf2 Rd8 24. h3 Rdd1 25. Qxe5 Rxg1+ 26. Kh2 Rh1+ 27. Kg3
Bxf2+ 28. Kxf2 f6 29. Qe8+ Bg8 30. Qxc6 Rhc1 31. Qa4 Rb2 32. Qxa7 Rbxc2+ 33. Kg3
Rxc3+ 34. Kh2 Ra1 35. a4 Rca3 36. Qb8 Rxa4 37. e5 fxe5 38. Qxe5 R1a2 39. Kg3
R4a3+ 40. Kh2 Rb3 41. h4 Rbb2 42. Kh3 Rxg2 43. h5 Rae2 44. Qb8 Rg5 45. Kh4 h6
46. Qc7 Re4+ 47. Kh3 Be6+ 48. Kh2 Rh4# 0-1

[Event "2nd Cambridge Int Open"]
[Site "Cambridge ENG"]
[Date "2024.02.20"]
[Round "3.54"]
[White "Baguley, John"]
[Black "Chan, Michelle (Ngo Yu)"]
[Result "0-1"]
[WhiteElo "1790"]
[BlackElo "1681"]
[WhiteFideId "436755"]
[BlackFideId "66202299"]
[EventDate "2024.02.19"]

1. d4 Nf6 2. Bf4 g6 3. Nc3 d5 4. e3 Bg7 5. Nf3 O-O 6. Bd3 c5 7. dxc5 Nbd7 8. Nb5
Ne8 9. c3 e5 10. Bxg6 hxg6 11. Bg5 Qa5 12. Na3 Qxc5 13. Qd2 f6 14. Bh4 Nd6 15.
O-O-O Nb6 16. Qe2 g5 17. Bg3 Bg4 18. Qc2 e4 19. h4 exf3 20. hxg5 Bf5 21. Qd2
fxg2 22. Rh2 Ne4 23. Qe2 Nxc3 24. bxc3 Qxa3+ 0-1

[Event "2nd Cambridge Int Open"]
[Site "Cambridge ENG"]
[Date "2024.02.20"]
[Round "3.55"]
[White "Latypova, Olga L"]
[Black "Gardner, Phillip K"]
[Result "1-0"]
[WhiteElo "1684"]
[BlackElo "1769"]
[WhiteFideId "472476"]
[BlackFideId "413690"]
[EventDate "2024.02.19"]

1. e4 c5 2. Nf3 d6 3. d4 cxd4 4. Nxd4 Nf6 5. Nc3 a6 6. f3 e5 7. Nb3 Be6 8. Be3
b5 9. Qd2 Nbd7 10. g4 Nb6 11. g5 Nfd7 12. Nd5 Rc8 13. O-O-O Nxd5 14. exd5 Bf5
15. Bd3 Bxd3 16. Qxd3 Be7 17. Qd2 Nb6 18. Bxb6 Qxb6 19. h4 b4 20. Kb1 a5 21. f4
a4 22. Nc1 f6 23. Qe2 O-O 24. Qg4 f5 25. Qe2 e4 26. Rh3 Rc3 27. bxc3 bxc3+ 28.
Nb3 axb3 29. cxb3 Rc8 30. Qc2 Qa5 31. Rd4 Bd8 32. Rc4 Rxc4 33. bxc4 Qb6+ 34. Kc1
Qg1+ 35. Qd1 Qf2 36. Rxc3 Qxa2 37. Qb3 Qa7 38. Qb5 Kf8 39. Rb3 Qa1+ 40. Kc2 Qe1
41. Rb1 Qf2+ 42. Kb3 Bb6 43. Rb2 Qd4 44. Ka2 e3 45. Qxb6 Qxc4+ 46. Ka3 Qc3+ 47.
Ka4 Qc4+ 48. Ka5 Qxd5+ 49. Ka6 Qa8+ 50. Qa7 Qc6+ 51. Rb6 Qa4+ 52. Kb7 Qd7+ 53.
Ka8 Qxa7+ 54. Kxa7 d5 55. Rb1 Ke7 56. Kb6 Kd6 57. Kb5 Ke6 58. Kc5 Kf7 59. h5 1-0

[Event "2nd Cambridge Int Open"]
[Site "Cambridge ENG"]
[Date "2024.02.20"]
[Round "3.56"]
[White "Bowers, Francis J"]
[Black "Bay-Petersen, Ole"]
[Result "0-1"]
[WhiteElo "1732"]
[BlackElo "1672"]
[WhiteFideId "438383"]
[BlackFideId "430188"]
[EventDate "2024.02.19"]

1. e4 d5 2. exd5 Qxd5 3. Nc3 Qa5 4. Nf3 Nf6 5. Be2 Bf5 6. O-O Nbd7 7. a3 e6 8.
d3 c6 9. Nd4 Bg6 10. Bf4 Be7 11. Qd2 e5 12. Nb3 Qc7 13. Bg3 h5 14. f3 h4 15. Bf2
Nh5 16. Rfe1 O-O-O 17. Qe3 b6 18. a4 Nf4 19. a5 Bg5 20. axb6 Nxb6 21. Qc5 Be7
22. Qa5 Kb8 23. Na4 Rd5 24. Bxb6 axb6 25. Qxb6+ Qb7 26. Na5 Qxb6+ 27. Nxb6 Bc5+
28. Kf1 Bxb6 29. Nxc6+ Kc7 30. Nb4 Rb5 31. c3 Ra5 32. Na6+ Kb7 33. Rxa5 Bxa5 34.
Nc5+ Kc6 35. b4 Bb6 36. d4 exd4 37. cxd4 Bxc5 38. Rc1 Nxe2 39. Rxc5+ Kd6 40.
Kxe2 Rb8 41. b5 f6 42. Ke3 Be8 43. Kf4 Rxb5 44. Kg4 Rxc5 45. dxc5+ Kxc5 46. Kxh4
Kd4 47. f4 Ke4 48. g3 g6 49. Kh3 Kf3 50. Kh4 Bd7 51. h3 Be6 52. f5 g5+ 53. Kh5
Bxf5 54. g4 Bxg4+ 55. hxg4 Kf4 56. Kg6 Kxg4 57. Kxf6 Kf4 58. Ke6 g4 59. Kd5 Kf3
60. Kd4 g3 61. Kd5 g2 62. Ke5 g1=Q 63. Kd5 Qe3 64. Kc6 Qd4 65. Kb5 Qd5+ 66. Kb6
Qc4 67. Kb7 Ke4 68. Kb6 Kd5 69. Ka5 Qb3 70. Ka6 Kc6 71. Ka7 Qb7# 0-1

[Event "2nd Cambridge Int Open"]
[Site "Cambridge ENG"]
[Date "2024.02.21"]
[Round "4.2"]
[White "Sonis, Francesco"]
[Black "Hanley, Craig A"]
[Result "1-0"]
[WhiteTitle "GM"]
[BlackTitle "IM"]
[WhiteElo "2570"]
[BlackElo "2431"]
[WhiteFideId "895733"]
[BlackFideId "408514"]
[EventDate "2024.02.19"]

1. Nf3 g6 2. d4 Bg7 3. e4 d6 4. Nc3 a6 5. a4 Bg4 6. Be3 e6 7. h3 Bxf3 8. Qxf3
Nc6 9. Rd1 Nb4 10. Rd2 Qe7 11. Nd1 d5 12. exd5 O-O-O 13. dxe6 fxe6 14. c3 Nd5
15. Bc4 Qd7 16. Bb3 Nge7 17. O-O Rhf8 18. Qe4 Nf5 19. Re2 Rde8 20. Bd2 c6 21.
Rfe1 Kb8 22. Qd3 Bf6 23. Bc2 Bd8 24. Re4 Nf6 25. Bf4+ Ka7 26. R4e2 Nd5 27. Be5
g5 28. Qd2 Nh4 29. Be4 h5 30. Qd3 Nf4 31. Bxf4 gxf4 32. Bf3 Rf5 33. Re5 Rg8 34.
Rxf5 exf5 35. Kh1 Bc7 36. b4 Qd6 37. Rg1 Re8 38. Bxh5 Re7 39. Bf3 Qg6 1-0

[Event "2nd Cambridge Int Open"]
[Site "Cambridge ENG"]
[Date "2024.02.21"]
[Round "4.3"]
[White "Tiviakov, Sergei"]
[Black "Woltery, Nicolai"]
[Result "1-0"]
[WhiteTitle "GM"]
[WhiteElo "2534"]
[BlackElo "1979"]
[WhiteFideId "1008013"]
[BlackFideId "436887"]
[EventDate "2024.02.19"]

1. e4 c5 2. c3 Nf6 3. e5 Nd5 4. Nf3 Nc6 5. Bc4 Nb6 6. Bb3 c4 7. Bc2 d6 8. exd6
Qxd6 9. O-O Bg4 10. Re1 O-O-O 11. b3 Qf6 12. Na3 Nd5 13. Qe2 Bxf3 14. Qxf3 Qxf3
15. gxf3 cxb3 16. axb3 e5 17. b4 f6 18. Nc4 Kb8 19. Be4 Nce7 20. Na5 f5 21. Bc2
g6 22. Rxe5 Bg7 23. Re1 Nc8 24. b5 Rhe8 25. Rxe8 Rxe8 26. Kf1 Be5 27. h3 Bf6 28.
Nc4 Bd8 29. Ra3 Bg5 30. Ne3 Nf4 31. c4 Nxh3 32. c5 Nf4 33. Bb2 h5 34. Nc4 h4 35.
Be5+ Ka8 36. d4 h3 37. Kg1 Nd5 38. b6 Bf4 39. Nd6 Nxd6 40. cxd6 Bxe5 41. dxe5
Nxb6 42. f4 Nd5 43. Bb3 Nxf4 44. d7 Rh8 45. e6 h2+ 46. Kh1 Nd3 47. Ra2 Nc5 48.
Rc2 b6 49. Rxc5 1-0

[Event "2nd Cambridge Int Open"]
[Site "Cambridge ENG"]
[Date "2024.02.21"]
[Round "4.4"]
[White "Turner, Matthew J"]
[Black "Adams, Michael"]
[Result "1/2-1/2"]
[WhiteTitle "GM"]
[BlackTitle "GM"]
[WhiteElo "2447"]
[BlackElo "2673"]
[WhiteFideId "402893"]
[BlackFideId "400041"]
[EventDate "2024.02.19"]

1. d4 Nf6 2. c4 e6 3. g3 d5 4. Bg2 Bb4+ 5. Nd2 O-O 6. Nf3 b6 7. O-O Bb7 8. b3 a5
9. Bb2 a4 10. Rc1 a3 11. Ba1 Na6 12. Ne5 Bd6 13. Nd3 Qe7 14. e3 Nb4 15. Nxb4
Bxb4 16. Qc2 c5 17. dxc5 Bxc5 18. Rfd1 Rac8 19. Qb1 Rfd8 20. cxd5 Nxd5 21. Ne4
Nxe3 22. Rxd8+ Rxd8 23. Nxc5 Bxg2 24. fxe3 Ba8 25. Ne4 f5 26. Nf2 Qb7 27. e4
fxe4 28. Qxe4 Qxe4 29. Nxe4 Bxe4 30. Kf2 Bf5 31. Ke3 Rd3+ 32. Ke2 Rd7 33. Ke3
Kf7 34. Bd4 b5 35. Rc5 Rb7 36. b4 Bb1 37. Rc3 e5 38. Bc5 Bxa2 39. Rxa3 Bd5 40.
Ra7 Rxa7 1/2-1/2

[Event "2nd Cambridge Int Open"]
[Site "Cambridge ENG"]
[Date "2024.02.21"]
[Round "4.5"]
[White "Ghasi, Ameet K"]
[Black "Wachinger, Nikolas"]
[Result "0-1"]
[WhiteTitle "IM"]
[BlackTitle "IM"]
[WhiteElo "2509"]
[BlackElo "2432"]
[WhiteFideId "409200"]
[BlackFideId "12962791"]
[EventDate "2024.02.19"]

1. Nf3 d5 2. g3 Nf6 3. Bg2 c5 4. O-O Nc6 5. d4 e6 6. c4 dxc4 7. dxc5 Qxd1 8.
Rxd1 Bxc5 9. Nbd2 c3 10. bxc3 O-O 11. Nb3 Be7 12. c4 Bd7 13. Bb2 Rfd8 14. Nfd4
Rac8 15. Nb5 b6 16. Nd6 Rc7 17. Nb5 Rcc8 18. Nd6 Rc7 19. Rd2 Be8 20. Rad1 Nb4
21. Nxe8 Rxe8 22. a3 Nc6 23. e3 Kf8 24. h3 Rd8 25. Rxd8+ Nxd8 26. Rc1 Nd7 27.
Nd4 Nc5 28. Bf1 Nc6 29. Nxc6 Rxc6 30. Rc2 Bf6 31. Bxf6 gxf6 32. Kg2 Rd6 33. Be2
f5 34. g4 Kg7 35. gxf5 exf5 36. Kf3 Kf6 37. Rb2 Ne4 38. a4 a5 39. Rc2 Nc5 40.
Ra2 Ke5 41. Kg3 Ne4+ 42. Kf3 Nd2+ 43. Kg3 Ne4+ 44. Kf3 Rh6 45. Bf1 Rg6 46. Rb2
Nc3 47. Bd3 Nxa4 48. Rb5+ Nc5 49. Ke2 Rd6 50. f4+ Kf6 51. Bc2 Kg6 52. Kf3 h6 53.
Rb2 Kf6 54. Rb1 Rc6 55. Ke2 Ke6 56. Rb2 f6 57. Kf3 Ne4 58. Ba4 Rd6 59. Bc2 Nd2+
60. Ke2 Nxc4 61. Bb3 b5 62. Ba2 Rd5 63. Rc2 Rc5 64. Kd3 Kd6 65. Rg2 Rd5+ 66. Kc3
Rd1 67. Rg6 Nxe3 68. Rxf6+ Kc5 69. Re6 b4+ 70. Kb3 Rd3+ 71. Kb2 Nc4+ 72. Kc2
Rd2+ 73. Kb1 b3 0-1

[Event "2nd Cambridge Int Open"]
[Site "Cambridge ENG"]
[Date "2024.02.21"]
[Round "4.6"]
[White "Jermy, Jaden"]
[Black "Pozzari, Simone"]
[Result "0-1"]
[WhiteElo "1968"]
[BlackElo "2290"]
[WhiteFideId "459496"]
[BlackFideId "2831282"]
[EventDate "2024.02.19"]

1. d4 d5 2. Nf3 Nf6 3. c4 e6 4. g3 Bb4+ 5. Bd2 Be7 6. Bg2 O-O 7. Qc2 c6 8. O-O
Ne4 9. Nc3 Nxd2 10. Qxd2 dxc4 11. a4 Nd7 12. Rfd1 a5 13. Qc2 Rb8 14. Nd2 Nb6 15.
e3 e5 16. dxe5 Qc7 17. f4 Bg4 18. Bf3 Be6 19. e4 Rbd8 20. Be2 f5 21. Bf3 Rd3 22.
exf5 Bxf5 23. Be4 Bxe4 24. Ndxe4 Rfd8 25. b3 Qd7 26. bxc4 Qd4+ 27. Qf2 Qxf2+ 28.
Kxf2 Rxd1 29. Rxd1 Rxd1 30. Nxd1 Nxa4 31. Ke3 Nc5 32. Nxc5 Bxc5+ 33. Kd3 Bg1 34.
Ke4 Bxh2 35. g4 b5 36. cxb5 cxb5 37. Nc3 b4 38. Na4 Kf7 39. f5 h6 40. Nb6 Bg3
41. e6+ Ke8 42. Kd3 Bf2 43. Na4 Ke7 44. Kc4 g6 45. fxg6 Kxe6 46. Kb5 Kf6 47.
Kxa5 Be1 48. Kb5 Kxg6 49. Kc4 Kg5 50. Kd3 Kxg4 51. Ke2 Bc3 52. Nc5 h5 53. Nd3 b3
54. Kf2 h4 55. Kg2 h3+ 56. Kf2 h2 57. Kg2 h1=Q+ 58. Kxh1 Kf3 59. Kh2 Ke3 60. Ne5
Bxe5+ 0-1

[Event "2nd Cambridge Int Open"]
[Site "Cambridge ENG"]
[Date "2024.02.21"]
[Round "4.9"]
[White "Royal, Shreyas"]
[Black "Bradbury, Neil H"]
[Result "1-0"]
[WhiteTitle "IM"]
[BlackTitle "IM"]
[WhiteElo "2483"]
[BlackElo "2234"]
[WhiteFideId "448869"]
[BlackFideId "400513"]
[EventDate "2024.02.19"]

1. d4 Nf6 2. c4 e6 3. g3 Bb4+ 4. Bd2 Be7 5. Bg2 d5 6. Nf3 O-O 7. O-O c6 8. Qc2
Nbd7 9. Bf4 Nh5 10. Bc1 f5 11. b3 a5 12. Ba3 Bb4 13. Bxb4 axb4 14. Ne1 Qf6 15.
e3 c5 16. Qd1 dxc4 17. bxc4 cxd4 18. exd4 Nc5 19. Nc2 g6 20. dxc5 b3 21. axb3
Rxa1 22. Nxa1 Qxa1 23. Qd2 Nf6 24. Rd1 Qe5 25. b4 Kg7 26. Nc3 f4 27. Qd4 Qh5 28.
Re1 f3 29. Bf1 Qf5 30. Nb5 Kg8 31. Nd6 Qg5 32. h4 1-0

[Event "2nd Cambridge Int Open"]
[Site "Cambridge ENG"]
[Date "2024.02.21"]
[Round "4.10"]
[White "McClement, Andrew"]
[Black "Wadsworth, Matthew J"]
[Result "0-1"]
[BlackTitle "IM"]
[WhiteElo "2221"]
[BlackElo "2444"]
[WhiteFideId "2400480"]
[BlackFideId "415804"]
[EventDate "2024.02.19"]

1. Nf3 Nf6 2. c4 e6 3. g3 b6 4. Bg2 Bb7 5. O-O Be7 6. Nc3 O-O 7. d4 Ne4 8. Nxe4
Bxe4 9. Nh4 Bxg2 10. Nxg2 d5 11. Qd3 Nc6 12. Rd1 e5 13. cxd5 Qxd5 14. dxe5 Qxd3
15. Rxd3 Nxe5 16. Rd1 Rfd8 17. Bf4 Bf6 18. Rac1 Ng6 19. Bxc7 Rxd1+ 20. Rxd1 Rc8
21. Bd6 Bxb2 22. Ne3 h5 23. Kg2 Be5 24. f4 Bxd6 25. Rxd6 Nf8 26. Rd3 Rc5 27. Ra3
a5 28. Kf3 Ne6 29. Ke4 g6 30. h3 f5+ 31. Kd3 Rc1 32. Nc4 h4 33. gxh4 Nxf4+ 34.
Kd4 Nxe2+ 35. Kd3 Nf4+ 36. Kd4 Ne6+ 37. Kd3 Rh1 38. Kd2 Rh2+ 39. Kd1 b5 40. Ne5
a4 41. Nxg6 Kg7 42. Ne5 Kf6 43. Nc6 f4 44. h5 Kg5 45. Na7 b4 46. Rxa4 f3 47. Ke1
Nd4 48. Nb5 Nc2+ 49. Kf1 Ne3+ 50. Kg1 f2+ 51. Kxh2 f1=Q 52. h4+ Kxh5 53. Kg3
Nf5+ 54. Kh2 Qf2+ 55. Kh1 Ng3# 0-1

[Event "2nd Cambridge Int Open"]
[Site "Cambridge ENG"]
[Date "2024.02.21"]
[Round "4.11"]
[White "Roberson, Peter T"]
[Black "Martyn, Rafe"]
[Result "0-1"]
[WhiteTitle "IM"]
[BlackTitle "FM"]
[WhiteElo "2426"]
[BlackElo "2206"]
[WhiteFideId "412384"]
[BlackFideId "409626"]
[EventDate "2024.02.19"]

1. Nc3 c5 2. e4 Nc6 3. Bb5 Nd4 4. Nf3 a6 5. Bd3 Nc6 6. O-O d6 7. a3 g6 8. Rb1
Bg7 9. b4 Nf6 10. bxc5 dxc5 11. a4 O-O 12. Bc4 Nd4 13. h3 Nd7 14. Nh2 Ne5 15.
Ba2 b5 16. Nd5 e6 17. Ne3 bxa4 18. d3 Bd7 19. Bb2 Rb8 20. c3 Nb3 21. f4 Nc6 22.
Nf3 Qc7 23. Nc4 Bh6 24. Nfe5 Nxe5 25. fxe5 Bg7 26. Bxb3 Rxb3 27. Qc2 Rfb8 28.
Ba3 Rxb1 29. Rxb1 Rxb1+ 30. Qxb1 Bb5 31. Nd6 Bxe5 32. Nxb5 axb5 33. Qxb5 Bxc3
34. Bxc5 Qc8 35. d4 Qa8 36. Qc4 Bb2 37. d5 exd5 38. exd5 a3 39. Qa2 Qc8 40. Bd6
Qc2 41. Kh1 Qd3 42. Kh2 h5 43. h4 Kg7 44. Bg3 Bd4 45. d6 Bb2 46. Bf4 Qd4 47. Bg3
g5 48. hxg5 h4 49. g6 hxg3+ 50. Kh3 Qf6 51. gxf7 Qxf7 52. Qb1 Be5 53. Qd1 Qf5+
54. Kh4 Qf6+ 55. Kh3 Qf5+ 56. Kh4 Kg6 57. d7 Qg5+ 58. Kh3 Qh6+ 59. Kg4 Qh5# 0-1

[Event "2nd Cambridge Int Open"]
[Site "Cambridge ENG"]
[Date "2024.02.21"]
[Round "4.12"]
[White "Karamsetty, Jeevan"]
[Black "Haubro, Martin"]
[Result "0-1"]
[WhiteTitle "FM"]
[BlackTitle "IM"]
[WhiteElo "2188"]
[BlackElo "2421"]
[WhiteFideId "2025337"]
[BlackFideId "1414291"]
[EventDate "2024.02.19"]

1. e4 c5 2. Nf3 d6 3. Bc4 Nf6 4. d3 e6 5. Bb3 Nc6 6. c3 Be7 7. O-O d5 8. e5 Nd7
9. d4 b5 10. dxc5 Bxc5 11. Bf4 Qb6 12. Bc2 b4 13. a3 b3 14. Bd3 h6 15. Bg3 g5
16. a4 a6 17. h3 h5 18. Nxg5 h4 19. Qf3 Rf8 20. Bxh4 Ncxe5 21. Qe2 Be7 22. a5
Qa7 23. Nd2 Rh8 24. Ndf3 Nxd3 25. Nxe6 fxe6 26. Qxe6 Nf6 27. Qe2 Nf4 28. Qd2
Rxh4 29. Nxh4 Qc7 30. Rfe1 Be6 31. Rxe6 Nxe6 32. Re1 Qf4 33. Qe2 Qe4 34. Qd1
Qxh4 35. Rxe6 Kf7 36. Re3 Bc5 37. Rf3 Qc4 38. Qb1 Qe4 39. Qd1 Rg8 40. Kh1 Bd6
41. c4 Re8 42. Re3 Qf4 43. g3 Qxf2 44. Rxe8 Kxe8 45. Qxb3 Qf1+ 46. Kh2 Qxc4 47.
Qf3 Qc2+ 48. Kh1 Qc1+ 0-1

[Event "2nd Cambridge Int Open"]
[Site "Cambridge ENG"]
[Date "2024.02.21"]
[Round "4.13"]
[White "Sowray, Peter J"]
[Black "Pert, Richard G"]
[Result "0-1"]
[WhiteTitle "FM"]
[BlackTitle "IM"]
[WhiteElo "2187"]
[BlackElo "2413"]
[WhiteFideId "400971"]
[BlackFideId "404748"]
[EventDate "2024.02.19"]

1. d4 d5 2. c4 e6 3. Nc3 c5 4. cxd5 cxd4 5. Qa4+ Bd7 6. Qxd4 exd5 7. Qxd5 Nf6 8.
Qd1 Bc5 9. Nf3 O-O 10. e3 Nc6 11. Be2 Qe7 12. O-O Rfd8 13. Qb3 Bg4 14. Rd1 a6
15. Bd2 b5 16. a3 Bf5 17. Qa2 Ne5 18. Be1 Nd3 19. Nd4 Bxd4 20. Bxd3 Bxc3 21.
Bxf5 Bxe1 22. Rxd8+ Rxd8 23. Rxe1 g6 24. Bh3 Rd2 25. Qb3 Ne4 26. Rc1 Rxf2 27.
Qd5 Rd2 28. Qc6 h5 29. Bc8 Rd6 30. Qc2 Kh7 31. h3 Rd2 32. Qc7 Qf6 33. Qf4 Qxf4
34. exf4 a5 35. b4 axb4 36. axb4 Rb2 37. g4 hxg4 38. hxg4 Rxb4 39. Kg2 Nd6 40.
Kg3 Kg7 41. g5 Rd4 42. Bg4 b4 43. Rc6 b3 44. Rb6 Rd3+ 45. Kh4 Nf5+ 46. Bxf5 gxf5
47. Rg6+ Kf8 48. Rb6 Rf3 49. g6 fxg6 50. Kg5 Rg3+ 51. Kf6 Ke8 0-1

[Event "2nd Cambridge Int Open"]
[Site "Cambridge ENG"]
[Date "2024.02.21"]
[Round "4.15"]
[White "Fava, Lorenzo"]
[Black "York-Weaving, Richard"]
[Result "1-0"]
[BlackTitle "FM"]
[WhiteElo "2140"]
[BlackElo "2343"]
[WhiteFideId "2837434"]
[BlackFideId "401161"]
[EventDate "2024.02.19"]

1. e4 c5 2. Nf3 e6 3. d4 cxd4 4. Nxd4 Nc6 5. Nc3 Qc7 6. Be3 a6 7. a3 b5 8. Nxc6
Qxc6 9. Be2 Bb7 10. O-O Rc8 11. Bf3 Qc7 12. e5 Ne7 13. Bxb7 Qxb7 14. Qd3 Ng6 15.
f4 Nh4 16. Qe4 Qxe4 17. Nxe4 Nf5 18. Bf2 Rc4 19. Rae1 h5 20. c3 Be7 21. g3 Rg8
22. Nd2 Rc6 23. Nb3 g5 24. Nd4 Nxd4 25. Bxd4 Rc4 26. b3 Rc8 27. f5 g4 28. b4 Rg5
29. Rf4 Rxf5 30. Rxf5 exf5 31. Rf1 Bg5 32. Rxf5 Bd2 33. Bc5 d6 34. exd6 Bxc3 35.
Rxh5 Bb2 36. Rg5 Bxa3 37. Re5+ Kd7 38. Re7+ Kc6 39. Ra7 Bb2 40. Rxa6+ Kd5 41. d7
Rd8 42. Rd6+ Ke5 43. Rd2 Bc3 44. Rd3 Ke4 45. Rxc3 Rxd7 46. Re3+ 1-0

[Event "2nd Cambridge Int Open"]
[Site "Cambridge ENG"]
[Date "2024.02.21"]
[Round "4.16"]
[White "Rushbrooke, Remy"]
[Black "Gourlay, Iain"]
[Result "1-0"]
[BlackTitle "FM"]
[WhiteElo "2049"]
[BlackElo "2301"]
[WhiteFideId "443590"]
[BlackFideId "2401533"]
[EventDate "2024.02.19"]

1. d4 d5 2. Nc3 Nf6 3. Bg5 h6 4. Bxf6 exf6 5. e3 c6 6. Bd3 f5 7. h4 h5 8. Nce2
g6 9. Nf3 Nd7 10. c4 Nf6 11. Qb3 Qb6 12. Qxb6 axb6 13. Nf4 Bd6 14. Ne5 Bxe5 15.
dxe5 Ng4 16. cxd5 Nxe5 17. Be2 Ra5 18. O-O Bd7 19. a3 O-O 20. Rfd1 c5 21. Rac1
Rd8 22. d6 Be6 23. Nd5 Bxd5 24. Rxd5 Nd7 25. Bf3 Nf6 26. Rd3 Rd7 27. b4 Ra6 28.
bxc5 bxc5 29. Rxc5 Raxd6 30. Rxd6 Rxd6 31. Bxb7 Rd3 32. a4 Ra3 33. a5 Ng4 34.
Kf1 Ra2 35. a6 Rxf2+ 36. Ke1 Ra2 37. Rc3 Kf8 38. Kd1 Ke7 39. Kc1 Kd6 40. Kb1 Ra5
41. Kb2 Ne5 42. Kb3 Nd7 43. Kb4 Ra1 44. Rc6+ Ke5 45. Rc3 Nb8 46. Kb5 f6 47. Kb6
Rb1+ 48. Kc7 Nxa6+ 49. Bxa6 Rb4 50. g3 Rg4 51. Kd7 Rxg3 52. Bb7 Rxe3 53. Rxe3+
Kf4 54. Rf3+ Kg4 55. Ke6 Kxh4 56. Kxf6 g5 57. Rxf5 g4 58. Kg6 1-0

[Event "2nd Cambridge Int Open"]
[Site "Cambridge ENG"]
[Date "2024.02.21"]
[Round "4.20"]
[White "Vardanyan, Aras"]
[Black "Redman, David J"]
[Result "1-0"]
[WhiteTitle "FM"]
[WhiteElo "2299"]
[BlackElo "1971"]
[WhiteFideId "12808792"]
[BlackFideId "421782"]
[EventDate "2024.02.19"]

1. c4 Nf6 2. g3 g6 3. Bg2 Bg7 4. Nc3 O-O 5. h3 c5 6. e3 d6 7. Nge2 a6 8. d4 Nbd7
9. O-O Rb8 10. a4 Qc7 11. b3 cxd4 12. exd4 e6 13. Bf4 b6 14. c5 bxc5 15. dxc5 e5
16. cxd6 Qb6 17. Bg5 Qxb3 18. Qd2 Qe6 19. Nd5 Nxd5 20. Bxd5 Qxh3 21. Be7 e4 22.
Nf4 Qh6 23. Bxf8 Ne5 24. Bxe4 Ng4 25. Rfb1 Qh2+ 26. Kf1 Bc3 27. Qc2 a5 28. Rxb8
Ba6+ 29. Nd3 Bxd3+ 30. Bxd3 Ne3+ 31. Ke2 Nxc2 32. Bh6# 1-0

[Event "2nd Cambridge Int Open"]
[Site "Cambridge ENG"]
[Date "2024.02.21"]
[Round "4.21"]
[White "Gluma, Christian"]
[Black "Myall, Ivan J"]
[Result "1-0"]
[WhiteElo "2219"]
[BlackElo "1951"]
[WhiteFideId "16223209"]
[BlackFideId "425168"]
[EventDate "2024.02.19"]

1. e4 e5 2. Nf3 Nc6 3. Bc4 Bc5 4. c3 Nf6 5. d3 a5 6. a4 d6 7. Nbd2 O-O 8. O-O
Be6 9. Bb3 Bxb3 10. Nxb3 h6 11. Nxc5 dxc5 12. b3 Re8 13. Be3 Qd6 14. Ne1 Rad8
15. Qe2 Qe6 16. Rb1 b6 17. h3 g5 18. Kh2 Kh7 19. g3 Rg8 20. Rh1 Rg6 21. Kg2 Rdg8
22. Nc2 Ne7 23. Na3 R6g7 24. h4 g4 25. Nc4 Nh5 26. Bd2 Rg6 27. Rbe1 Rf6 28. b4
cxb4 29. d4 bxc3 30. Bxc3 Rf3 31. Bb2 exd4 32. Nd2 d3 33. Qd1 Qa2 34. Qa1 Qe6
35. Qd1 Qa2 36. Nxf3 gxf3+ 37. Qxf3 Nxg3 38. fxg3 Qxb2+ 39. Kh3 Qb3 40. Rhf1 Rg7
41. Rd1 Qe6+ 42. Kh2 Qa2+ 43. Rf2 Qxa4 44. Rxd3 Qc6 45. Rd8 Qg6 46. Rf8 Nc6 47.
Qf4 Nd4 48. Rxf7 Rxf7 49. Qxf7+ Qxf7 50. Rxf7+ Kg6 51. Rxc7 b5 52. Kg2 a4 53.
Ra7 Nc2 54. Rc7 b4 55. Rxc2 b3 56. Rc6+ Kf7 57. Rb6 Ke7 58. Rb4 1-0

[Event "2nd Cambridge Int Open"]
[Site "Cambridge ENG"]
[Date "2024.02.21"]
[Round "4.22"]
[White "Orton, Stephen L A"]
[Black "Dierssen Garcia-Barredo, Guiller"]
[Result "0-1"]
[WhiteElo "2154"]
[BlackElo "1937"]
[WhiteFideId "414921"]
[BlackFideId "22298274"]
[EventDate "2024.02.19"]

1. e4 c5 2. Nf3 g6 3. d4 cxd4 4. Nxd4 Nc6 5. Nc3 Bg7 6. Be3 Nf6 7. Bc4 O-O 8.
Bb3 a5 9. a4 Ng4 10. Qxg4 Nxd4 11. Rd1 Nxb3 12. cxb3 d6 13. Qh4 Be6 14. Bh6 Bxb3
15. Rd3 e5 16. Bg5 f6 17. Bc1 f5 18. Bg5 Bf6 19. Rh3 Rf7 20. Bxf6 Qxf6 21. O-O
Qxh4 22. Rxh4 Rd8 23. Re1 Be6 24. f4 fxe4 25. Nxe4 Bd5 26. fxe5 dxe5 27. Rd1
Rdf8 28. g3 Bc6 29. Re1 h5 30. b3 Rf3 31. Nc5 Rf2 32. Ne4 Rb2 33. Re3 Kg7 34.
Re1 Rf3 35. Nc5 Rf5 36. Ne4 Rxb3 37. g4 hxg4 38. Rxg4 Rf4 39. Rxf4 exf4 40. Nc5
Rb4 41. Rf1 g5 42. h4 Kf6 43. h5 f3 44. Rd1 Rh4 45. h6 Ke5 46. Nd7+ Kf4 47. Rd4+
Kg3 0-1